000 00589nam a2200241 a 4500
001 nice12345678
003 IN_TiNIC
005 20260116011713.0
008 050524s0000 hyda grp 000 0 urd
020 _a
_c100
082 0 0 _a297
_bHABI
100 _aHabib, Abdullah Bin Hasan
245 _aIslam Aur Mushahir-E-Aalam
260 _aHyderabad
_bDhool Pet
_c0000
300 _a116p.
500 _aincludes index and biblioraphy
505 2 _aIndex
650 _aIslam-Meccan Trade
700 1 _aHabib, Abdullah Bin Hasan
902 _bSRS
942 _cBK
999 _c3470
_d3470